| 000 | 00596 a2200205 4500 | ||
|---|---|---|---|
| 001 | 61400 | ||
| 005 | 20260407155904.0 | ||
| 008 | 260407a1947 arg spa d | ||
| 003 | AR-UNSa-BCEJYS | ||
| 040 |
_aAR-UNSa-BCEJYS _bspa _cAR-UNSa-BCEJYS |
||
| 080 |
_a347.61/.64 _xDerecho de familia (La familia, Matrimonio, Filiación, Tutela) |
||
| 245 | 1 | 0 | _aEl derecho de familia |
| 264 | 1 |
_aBuenos Aires : _bEDIAR _c1947 |
|
| 300 |
_a532 p. _c23 cm. |
||
| 041 | _aspa | ||
| 942 | _cBK | ||
| 590 | _aniveau_biblio:m niveau_hierar:0 | ||
| 100 | 1 | _aCicu, Antonio | |
| 700 | 1 | _aSentís Melendo, Santiago | |
| 999 |
_c7286 _d7286 |
||